Rock and Roll Night Club Tracklist (Mac DeMarco) - Statistics

General Stats
  • This quiz has been taken 17 times
  • The average score is 9 of 12
Answer Stats
Hint Answer % Correct
1 Rock and Roll Night Club
100%
7 She's Really All I Need
100%
3 Baby's Wearing Blue Jeans
92%
10 I'm A Man
85%
12 Me and Mine
85%
8 Moving Like Mike
85%
5 European Vegas
77%
9 Me and Jon Hanging On
77%
2 96.7 The Pipe
62%
4 One More Tear To Cry
62%
11 Only You
62%
6 106.2 Breeze FM
54%
No matching quizzes found
Score Distribution
Percent of People with Each Score
Percentile by Number Answered
Your Score History
You have not taken this quiz